| Tag |
First Indicator |
Second Indicator |
Subfields |
| LEADER |
00000cam a2200000 a 4500 |
| 001 |
in00000336013 |
| 005 |
20151011053810.0 |
| 008 |
830412s1982 enkab b 00110 eng |
| 010 |
|
|
|a 82206788
|
| 020 |
|
|
|a 0408107111 :
|c 918.00
|
| 035 |
|
|
|a (OCoLC)08724648
|
| 035 |
|
|
|9 ABL8351AM
|
| 039 |
0 |
|
|a 2
|b 3
|c 3
|d 3
|e 3
|
| 040 |
|
|
|a DLC
|c DLC
|d TXA
|d UtOrBLW
|
| 043 |
|
|
|a mm-----
|
| 049 |
|
|
|a TXAM
|c [1408907]
|
| 050 |
0 |
0 |
|a HC244.5
|b R67 1982
|
| 082 |
0 |
|
|a 330.9182/2
|2 19
|
| 100 |
1 |
|
|a Rosenthal, Glenda G.
|q (Glenda Goldstone)
|
| 245 |
1 |
4 |
|a The Mediterranean Basin :
|b its political economy and changing international relations /
|c Glenda G. Rosenthal.
|
| 264 |
|
1 |
|a London ;
|a Boston :
|b Butterworth Scientific,
|c 1982.
|
| 300 |
|
|
|a 146 pages :
|b illustrations, map ;
|c 24 cm.
|
| 336 |
|
|
|a text
|b txt
|2 rdacontent
|
| 337 |
|
|
|a unmediated
|b n
|2 rdamedia
|
| 338 |
|
|
|a volume
|b nc
|2 rdacarrier
|
| 490 |
1 |
|
|a Butterworths European studies
|
| 504 |
|
|
|a Includes bibliographical references and index.
|
| 651 |
|
0 |
|a Mediterranean Region
|x Economic conditions.
|
| 651 |
|
0 |
|a Mediterranean Region
|x Politics and government.
|
| 830 |
|
0 |
|a Butterworths European studies.
|
| 999 |
|
|
|a MARS
|
| 999 |
f |
f |
|s fe311eb0-7699-3827-8c92-73b557cd29e0
|i 8cb0b63d-90b7-3529-b3c3-fafdb082cbbf
|t 0
|
| 952 |
f |
f |
|p ric
|a Texas A&M University
|b Rellis Campus
|c Joint Library Facility
|d Remote Storage
|t 0
|e HC244.5 R67 1982
|h Library of Congress classification
|i unmediated -- volume
|m A14807298910
|
| 998 |
f |
f |
|a HC244.5 R67 1982
|t 0
|l Remote Storage
|